000
00297nam a22001337a 4500
008
171108b xxu||||| |||| 00| 0 eng d
020
_a
0138227675
041
_a
eng
080
_a
330.322
100
_a
64
101
_a
INV
245
_a
THE SOPHISTICATED INVESTOR
_c
CHURCH,A.M
942
_2
udc
_c
BK
999
_c
38206
_d
38206